Survival 49. 3 : (Record no. 617132)

MARC details
000 -LEADER
fixed length control field 00445nam a2200181 a 4500
008 - FIXED-LENGTH DATA ELEMENTS--GENERAL INFORMATION
fixed length control field 260307s2007##################000#0#eng##
020 ## - INTERNATIONAL STANDARD BOOK NUMBER
ISBN 9780415440295
082 04 - DEWEY DECIMAL CLASSIFICATION NUMBER
Classification number 327.05
Item number IIS
100 1# - MAIN ENTRY--AUTHOR NAME
Personal name Allin, Dana,
245 10 - TITLE STATEMENT
Title Survival 49. 3 :
260 ## - PUBLICATION, DISTRIBUTION, ETC. (IMPRINT)
Year of publication 2007.
650 #0 - SUBJECT ADDED ENTRY--TOPICAL TERM
Topical Term Political Science.
942 ## - ADDED ENTRY ELEMENTS (KOHA)
Koha item type English Books
Holdings
Withdrawn status Lost status Damaged status Not for loan Home library Current library Shelving location Date acquired Full call number Accession Number Price effective from Koha item type
        Anna Centenary Library Anna Centenary Library 3RD FLOOR, B WING 07.03.2026 327.05 IIS 145961 07.03.2026 English Books

Find us on the map